Handbook of marketing scales (Record no. 480081)

MARC details
000 -LEADER
fixed length control field 01758cam a2200409 a 4500
001 - CONTROL NUMBER
control field EDZ0000020847
003 - CONTROL NUMBER IDENTIFIER
control field StDuBDS
005 - DATE AND TIME OF LATEST TRANSACTION
control field 20161031105132.0
006 - FIXED-LENGTH DATA ELEMENTS--ADDITIONAL MATERIAL CHARACTERISTICS--GENERAL INFORMATION
fixed length control field m||||||||d||||||||
007 - PHYSICAL DESCRIPTION FIXED FIELD--GENERAL INFORMATION
fixed length control field cr |||||||||||
008 - FIXED-LENGTH DATA ELEMENTS--GENERAL INFORMATION
fixed length control field 120905s2011 cau fo| 001|0|eng|d
020 ## - INTERNATIONAL STANDARD BOOK NUMBER
International Standard Book Number 9781412996761 (ebook) :
Terms of availability No price
040 ## - CATALOGING SOURCE
Original cataloging agency StDuBDS
Language of cataloging eng
Transcribing agency StDuBDS
Description conventions pn
049 ## - LOCAL HOLDINGS (OCLC)
Holding library Alfaisal Main Library
050 #0 - LIBRARY OF CONGRESS CALL NUMBER
Classification number HF5415.3
Item number .B323 2011
082 04 - DEWEY DECIMAL CLASSIFICATION NUMBER
Classification number 658.83
Edition number 23
245 00 - TITLE STATEMENT
Title Handbook of marketing scales
Medium [electronic resource] :
Remainder of title multi-item measures for marketing and consumer behavior research.
250 ## - EDITION STATEMENT
Edition statement 3rd ed. /
Remainder of edition statement [edited by] William O. Bearden, Richard G. Netemeyer, Kelly L. Haws.
260 ## - PUBLICATION, DISTRIBUTION, ETC. (IMPRINT)
Place of publication, distribution, etc Los Angeles, [Calif.] ;
-- London :
Name of publisher, distributor, etc SAGE,
Date of publication, distribution, etc 2011.
300 ## - PHYSICAL DESCRIPTION
Extent 1 online resource (xiv, 601 p.)
500 ## - GENERAL NOTE
General note Previous ed.: published as by William O. Bearden and Richard G. Netemeyer. 1999.
520 8# - SUMMARY, ETC.
Summary, etc This title provides a clear, concise, and easy-to-use compilation of multi-item, self-report measures developed and/or frequently used in consumer behaviour and marketing research.
504 ## - BIBLIOGRAPHY, ETC. NOTE
Bibliography, etc Includes bibliographical references and index.
521 ## - TARGET AUDIENCE NOTE
Target audience note Specialized.
588 ## -
-- Description based on print version record.
650 #0 - SUBJECT ADDED ENTRY--TOPICAL TERM
Topical term or geographic name as entry element Marketing research.
650 #0 - SUBJECT ADDED ENTRY--TOPICAL TERM
Topical term or geographic name as entry element Consumer behavior
General subdivision Research.
655 #7 - INDEX TERM--GENRE/FORM
Genre/form data or focus term Electronic books.
Source of term local
700 1# - ADDED ENTRY--PERSONAL NAME
Personal name Bearden, William O.,
Dates associated with a name 1945-
700 1# - ADDED ENTRY--PERSONAL NAME
Personal name Netemeyer, Richard G.,
Dates associated with a name 1956-
700 1# - ADDED ENTRY--PERSONAL NAME
Personal name Haws, Kelly L.
700 1# - ADDED ENTRY--PERSONAL NAME
Personal name Bearden, William O.,
Dates associated with a name 1945-
Title of a work Handbook of marketing scales.
710 2# - ADDED ENTRY--CORPORATE NAME
Corporate name or jurisdiction name as entry element Sage eBooks
776 08 - ADDITIONAL PHYSICAL FORM ENTRY
Display text Print version :
International Standard Book Number 9781412980180
856 40 - ELECTRONIC LOCATION AND ACCESS
Uniform Resource Identifier <a href="http://ezproxy.alfaisal.edu/login?url=http://sk.sagepub.com/reference/hdbk_marketingscales3ed">http://ezproxy.alfaisal.edu/login?url=http://sk.sagepub.com/reference/hdbk_marketingscales3ed</a>
942 ## - ADDED ENTRY ELEMENTS (KOHA)
Source of classification or shelving scheme Library of Congress Classification
Koha item type eBooks

No items available.

Copyright © 2020 Alfaisal University Library. All Rights Reserved.
Tel: +966 11 2158948 Fax: +966 11 2157910 Email:
librarian@alfaisal.edu